Interkultúrne aspekty a historicko-lingvistické vplyvy Turecka na súčasnú globalizovanú spoločnosť

Turecká republika patrí k moderným, rýchlo sa rozvíjajúcim ekonomikám sveta. K pozícii, ktorú dnes táto krajina vo svete má, dospela po niekoľkých desaťročiach existencie. Nový štát vyrástol na troskách Osmanskej ríše, ktorá zanechala výrazné stopy v dejinách Európy. Vznik nového štátu sprevádzali z...

Descrizione completa

Salvato in:
Dettagli Bibliografici
Autore principale: Bláhová, Mária
Natura: Capitolo di libro
Lingua:slovacco
Soggetti:
Tags: Aggiungi Tag
Nessun Tag, puoi essere il primo ad aggiungerne!!

MARC

LEADER 00000nla$a2200000$$$4500
001 0127323
005 20240502072442.3
041 0 |a slo 
044 |a SK 
245 1 0 |a Interkultúrne aspekty a historicko-lingvistické vplyvy Turecka na súčasnú globalizovanú spoločnosť  |c Mária Bláhová 
520 |a Turecká republika patrí k moderným, rýchlo sa rozvíjajúcim ekonomikám sveta. K pozícii, ktorú dnes táto krajina vo svete má, dospela po niekoľkých desaťročiach existencie. Nový štát vyrástol na troskách Osmanskej ríše, ktorá zanechala výrazné stopy v dejinách Európy. Vznik nového štátu sprevádzali zmeny národnej a kultúrnej identity. Turecko tak ovplyvnilo výrazným spôsobom kultúrno-spoločenské dejiny Európy a usiluje sa o pevné začlenenie medzi najvýznamnejšie ekonomické, politické a vojenské veľmoci. 
610 2 0 |a Turecko 
610 2 0 |a identita 
610 2 0 |a národ 
610 2 0 |a kultúra 
610 2 0 |a Európa 
610 2 0 |a globalizácia 
100 1 |a Bláhová, Mária